Rozhodcovské konanie
Rozhodcovské konanie podľa zákona č. 218/1996 Z.z. ako služba na uľahčenie rozvoja a priebehu obchodných vzťahov. Uzatváranie rozhodcovskej zmluvy. Stále rozhodcovské súdy, ich činnosť.
Gespeichert in:
| 1. Verfasser: | |
|---|---|
| Format: | Buchkapitel |
| Sprache: | Slowakisch |
| Schlagworte: | |
| Tags: |
Keine Tags, Fügen Sie das erste Tag hinzu!
|
MARC
| LEADER | 00000naa a2200000 4500 | ||
|---|---|---|---|
| 001 | r034414 | ||
| 005 | 20230919123748.4 | ||
| 041 | 0 | |a slo | |
| 044 | |a SK | ||
| 245 | 1 | 0 | |a Rozhodcovské konanie |c Alena Pauličková |
| 520 | |a Rozhodcovské konanie podľa zákona č. 218/1996 Z.z. ako služba na uľahčenie rozvoja a priebehu obchodných vzťahov. Uzatváranie rozhodcovskej zmluvy. Stále rozhodcovské súdy, ich činnosť. | ||
| 610 | 2 | 0 | |a vzťahy obchodné |
| 610 | 2 | 0 | |a konanie rozhodcovské |
| 610 | 2 | 0 | |a podnikatelia |
| 610 | 2 | 0 | |a zmluvy obchodné |
| 610 | 2 | 0 | |a osoby právnické |
| 610 | 2 | 0 | |a poriadok organizačný |
| 610 | 2 | 0 | |a poriadok súdny občiansky |
| 610 | 2 | 0 | |a Slovensko |
| 610 | 2 | 0 | |a 1996 |
| 100 | 1 | |a Pauličková, Alena | |